Dávky sociálneho zabezpečenia. 1 Dávky dôchodkového zabezpečenia
Realizácia systému sociálneho zabezpečenia obyvateľstva. Legislatívna príprava reformy sociálneho systému. Prehľad o základných právnych predpisoch, sociálnej situácii, podmienkach nároku a výške jednotlivých dávok sociálneho zabezpečenia v členení: - dávky dôchodkového zabezpečenia, dávky nemocensk...
Salvato in:
| Natura: | Capitolo di libro |
|---|---|
| Lingua: | slovacco |
| Soggetti: | |
| Tags: |
Nessun Tag, puoi essere il primo ad aggiungerne!!
|
MARC
| LEADER | 00000naa a2200000 4500 | ||
|---|---|---|---|
| 001 | r017447 | ||
| 005 | 20221213100327.8 | ||
| 041 | 0 | |a slo | |
| 044 | |a SK | ||
| 245 | 1 | 0 | |a Dávky sociálneho zabezpečenia. 1 |b Dávky dôchodkového zabezpečenia |
| 520 | |a Realizácia systému sociálneho zabezpečenia obyvateľstva. Legislatívna príprava reformy sociálneho systému. Prehľad o základných právnych predpisoch, sociálnej situácii, podmienkach nároku a výške jednotlivých dávok sociálneho zabezpečenia v členení: - dávky dôchodkového zabezpečenia, dávky nemocenského poistenia, štátne sociálne dávky, dávky a služby sociálnej starostlivosti. Komentár k 1. prvej časti prehľadu o dávkach dôchodkového zabezpečenia. | ||
| 610 | 2 | 0 | |a komentáre |
| 610 | 2 | 0 | |a zabezpečenie sociálne |
| 610 | 2 | 0 | |a zabezpečenie dôchodkové |
| 610 | 2 | 0 | |a predpisy právne |
| 610 | 2 | 0 | |a dôchodky |
| 610 | 2 | 0 | |a dávky poistné |
| 610 | 2 | 0 | |a dávky sociálne |